| 000 | 01189nam a22003014a 4500 | ||
|---|---|---|---|
| 001 | ebr10120172 | ||
| 003 | CaPaEBR | ||
| 006 | m u | ||
| 007 | cr cn||||||||| | ||
| 008 | 050128s2005 nyua sb 001 0 eng | ||
| 010 | _z 2005002544 | ||
| 020 | _z0814472877 | ||
| 040 |
_aCaPaEBR _cCaPaEBR |
||
| 035 | _a(OCoLC)61234490 | ||
| 050 | 1 | 4 |
_aHF5548.34 _b.M38 2005eb |
| 082 | 0 | 4 |
_a658.8/72 _222 |
| 100 | 1 | _aMathieson, Rick. | |
| 245 | 1 | 0 |
_aBranding unbound _h[electronic resource] : _bthe future of advertising, sales, and the brand experience in the wireless age / _cRick Mathieson. |
| 260 |
_aNew York : _bAMACOM, _cc2005. |
||
| 300 |
_aix, 244 p. : _bill. |
||
| 504 | _aIncludes bibliographical references (p. [213]-227) and index. | ||
| 533 |
_aElectronic reproduction. _bPalo Alto, Calif. : _cebrary, _d2013. _nAvailable via World Wide Web. _nAccess may be limited to ebrary affiliated libraries. |
||
| 650 | 0 | _aMobile commerce. | |
| 650 | 0 | _aProduct management. | |
| 655 | 7 |
_aElectronic books. _2local |
|
| 710 | 2 | _aebrary, Inc. | |
| 856 | 4 | 0 |
_uhttp://site.ebrary.com/lib/rucke/Doc?id=10120172 _zAn electronic book accessible through the World Wide Web; click to view |
| 999 |
_c110496 _d110496 |
||